000 00856nam a2200253Ia 4500
003 OSt
005 20220918171010.0
006 a|||||r|||| 00| 0
007 ta
008 220917b |||||||| |||| 00| 0 eng d
020 _a9781119090236 (pbk)
_cUSD 45.95
024 _a355,028
037 _b62694, 29/12/2021, Segment Book Distributors
_cTextual
040 _aARTS
_cARTS
_beng
041 _2eng
_aeng
082 _aR3xL24, Q6
100 _aPalmquist Stephen R. Au.
_932995
245 0 _aComprehensive commentary on Kant's religion within the bounds of bare reason
260 _aWest Sussax
_b Wiley UK
_c2016
300 _axxix,604p.
_ccm.
650 _aKANT, IMMANUEL; PHILOSOPHERS
_928404
942 _hR3xL24, Q6
_cTEXL
_2CC
999 _c137181
_d137181